000 00273nam a22001097a 4500
008 170105b xxu||||| |||| 00| 0 eng d
020 _a0721632289
041 _aeng
080 _22ND
_a618.2
245 _aCORE REVIEW FOR CRITICAL CARE NURSING
_cALSPACH, J.G
942 _2udc
_cBK
999 _c2584
_d2584